Normal view MARC view
  • Reforma educativa

Entry Materia

Number of records used in: 100

001 - NÚMERO DE CONTROL DEL REGISTRO

  • campo de control: 4075

003 - IDENTIFICADOR DE NUMERO DE CONTROL

  • campo de control: MX-MxUPN

005 - FECHA Y HORA DE LA ÚLTIMA TRANSACCIÓN

  • campo de control: 20260323214008.0

008 - DATOS DE LONGITUD FIJA

  • campo de control de longitud fija: 221005dn fnnnnbabd a ana |d

035 ## - NÚMERO DE CONTROL DEL SISTEMA

  • Número de control del sistema: UPN10000004075

040 ## - FUENTE DE LA CATALOGACIÓN

  • Agencia de transcripción: MX-MxUPN
  • Lengua de catalogación: spa

150 ## - ENCABEZAMIENTO - TEMÁTICO

  • Término de materia o nombre geográfico como elemento inicial: Reforma educativa
  • Subdivisión geográfica: México

450 ## - VÉASE - MATERIA

  • Encabezamiento temático: Cambio educativo
  • Subdivisión geográfica: México
  • Subcampo de control: nno

670 ## - FUENTE EN LA QUE SE LOCALIZARON DATOS

  • Cita de la fuente: Autoridades LC, 23 marzo 2026 :
  • Información localizada: (Educational change - Mexico)
  • Identificador Uniforme del Recurso: https://lccn.loc.gov/sh2009102151

670 ## - FUENTE EN LA QUE SE LOCALIZARON DATOS

  • Cita de la fuente: Autoridades BGTQ, 23 marzo 2026 :
  • Información localizada: (Reforma educativa -- México)

902 ## - CATALOGADOR

  • Catalogador: MCM/300506
  • Catalogador: VíctorGodínez/230326